[Event "Titled Tuesday intern op 27th Feb Late"]
[Site "Chess.com INT"]
[Date "2024.02.27"]
[Round "1"]
[White "Firouzja, Alireza"]
[Black "Ferey, Antonin"]
[Result "1-0"]
[WhiteElo "2760"]
[BlackElo "2190"]
[PlyCount "97"]
[EventDate "2024.02.27"]
[EventType "swiss (blitz)"]
[EventRounds "11"]
[EventCountry "USA"]
[SourceTitle "CB10_2024"]
[SourceDate "2024.03.06"]
[SourceVersion "1"]
[SourceVersionDate "2024.03.06"]
[SourceQuality "1"]

1. d4 Nf6 2. Bg5 d5 3. e3 e6 4. Nd2 Be7 5. c3 Nbd7 6. Bd3 e5 7. Ne2 c6 8. 0-0 0-0 9. a4 a5 10. Ng3 h6 11. Bxf6 Nxf6 12. f4 exd4 13. exd4 Bd6 14. Qf3 Qc7 15. h3 Bd7 16. Rae1 Rfe8 17. Re5 Qb6 18. Qe3 Rab8 19. Nf3 Qxb2 20. Rxe8+ Nxe8 21. Ne5 Bc8 22. Nxc6 Bxh3 23. gxh3 bxc6 24. Rb1 Qxb1+ 25. Bxb1 Rxb1+ 26. Kg2 Nf6 27. Nf5 Ne4 28. Nxd6 Rb2+ 29. Kf3 Nxd6 30. Qe7 Ne4 31. Qe8+ Kh7 32. Qxf7 Rc2 33. Qf5+ Kh8 34. Qe6 Rxc3+ 35. Kg4 Rg3+ 36. Kf5 Rxh3 37. Qe8+ Kh7 38. Qg6+ Kh8 39. Qxc6 Nf6 40. Kg6 Rg3+ 41. Kf7 Rg4 42. Qc8+ Kh7 43. Qf5+ Kh8 44. Qe5 h5 45. Qc7 h4 46. Qxa5 h3 47. Qd2 Rh4 48. Qh2 Ng4 49. Qg3 1-0

[Event "Titled Tuesday intern op 13th Feb Late"]
[Site "Chess.com INT"]
[Date "2024.02.13"]
[Round "1"]
[White "Ferey, Antonin"]
[Black "Durarbayli, Vasif"]
[Result "0-1"]
[WhiteElo "2190"]
[BlackElo "2627"]
[PlyCount "74"]
[EventDate "2024.02.13"]
[EventType "swiss (blitz)"]
[EventRounds "11"]
[EventCountry "USA"]
[SourceTitle "CB08_2024"]
[SourceDate "2024.02.21"]
[SourceVersion "1"]
[SourceVersionDate "2024.02.21"]
[SourceQuality "1"]

1. Nf3 c5 2. g3 Nc6 3. Bg2 g6 4. 0-0 Bg7 5. c3 d5 6. d3 Nf6 7. Nbd2 0-0 8. e4 b6 9. Re1 Bb7 10. a4 dxe4 11. Nxe4 Qd7 12. Be3 Rad8 13. a5 Qxd3 14. Qxd3 Rxd3 15. axb6 Nxe4 16. bxa7 Ra8 17. Ng5 Rxe3 18. Rxe3 Nxg5 19. Rxe7 Nxe7 20. Bxb7 Rxa7 21. Rxa7 Bf8 22. b4 cxb4 23. cxb4 Nf5 24. b5 Bc5 25. Ra8+ Kg7 26. Bd5 Nh3+ 27. Kg2 Nxf2 28. Rc8 Bd4 29. Kf3 Nd3 30. Rc7 Nd6 31. Ke2 Ne5 32. Kd2 Nxb5 33. Rb7 Nd6 34. Rb8 h5 35. Ke2 Nf5 36. Ra8 Bg1 37. Bf3 Bxh2 0-1

[Event "Titled Tuesday intern op 09th Jan Early"]
[Site "Chess.com INT"]
[Date "2024.01.09"]
[Round "4"]
[White "Ferey, Antonin"]
[Black "Kiseleva, Simona"]
[Result "1/2-1/2"]
[WhiteElo "2193"]
[BlackElo "2174"]
[PlyCount "89"]
[EventDate "2024.01.09"]
[EventType "swiss (blitz)"]
[EventRounds "11"]
[EventCountry "USA"]
[SourceTitle "CB03_2024"]
[SourceDate "2024.01.17"]
[SourceVersion "1"]
[SourceVersionDate "2024.01.17"]
[SourceQuality "1"]

1. e4 c5 2. Nc3 g6 3. g3 Bg7 4. Bg2 e6 5. d3 Ne7 6. Nh3 d6 7. Be3 Nbc6 8. Qd2 h6 9. 0-0 Rb8 10. Kh1 b5 11. f4 b4 12. Nd1 f5 13. exf5 exf5 14. Bg1 0-0 15. Nhf2 Nd4 16. c3 bxc3 17. bxc3 Ne6 18. Ne3 Bb7 19. Nc4 Bxg2+ 20. Kxg2 Qd7 21. Rfe1 Rfe8 22. Nd1 Nf8 23. Nde3 Qc6+ 24. Kf1 Qf3+ 25. Bf2 Red8 26. Rab1 Qc6 27. Kg1 Nd5 28. Nxd5 Qxd5 29. Rxb8 Rxb8 30. h3 h5 31. h4 Nh7 32. Qe2 Bxc3 33. Qe6+ Qxe6 34. Rxe6 Kf7 35. Rxd6 Nf6 36. Bxc5 Ng4 37. Rd7+ Kg8 38. Bxa7 Rb1+ 39. Kg2 Ra1 40. a3 Ra2+ 41. Kf3 Nh2+ 42. Ke3 Ng4+ 43. Kf3 Nh2+ 44. Ke3 Ng4+ 45. Kf3 1/2-1/2

[Event "Titled Tuesday intern op 26th Sep Late"]
[Site "Chess.com INT"]
[Date "2023.09.26"]
[Round "3"]
[White "Kim, Sergey2222"]
[Black "Ferey, Antonin"]
[Result "1-0"]
[WhiteElo "2295"]
[BlackElo "2152"]
[PlyCount "43"]
[EventDate "2023.09.26"]
[EventType "swiss (blitz)"]
[EventRounds "11"]
[EventCountry "USA"]
[SourceTitle "EXT 2024"]
[Source "ChessBase"]
[SourceDate "2023.10.10"]
[SourceVersion "1"]
[SourceVersionDate "2023.10.10"]
[SourceQuality "1"]

1. d4 Nf6 2. c4 g6 3. Nc3 Bg7 4. e4 d6 5. Nge2 0-0 6. Ng3 c5 7. d5 e6 8. Be2 exd5 9. cxd5 a6 10. a4 Re8 11. 0-0 h5 12. Bg5 Qa5 13. Qd2 Nh7 14. Bh4 Nd7 15. f4 Bd4+ 16. Kh1 Ndf6 17. f5 Qb4 18. fxg6 fxg6 19. Qh6 Qxb2 20. Qxg6+ Kh8 21. Bxf6+ Nxf6 22. Nxh5 1-0

[Event "Titled Tuesday intern op 12th Sep Late"]
[Site "Chess.com INT"]
[Date "2023.09.12"]
[Round "2"]
[White "Ferey, Antonin"]
[Black "Talibov, Shiroghlan"]
[Result "1/2-1/2"]
[WhiteElo "2152"]
[BlackElo "2362"]
[PlyCount "120"]
[EventDate "2023.09.12"]
[EventType "swiss (blitz)"]
[EventRounds "11"]
[EventCountry "USA"]
[SourceTitle "EXT 2024"]
[Source "ChessBase"]
[SourceDate "2023.10.10"]
[SourceVersion "1"]
[SourceVersionDate "2023.10.10"]
[SourceQuality "1"]

1. Nf3 d5 2. d4 Nf6 3. c4 e6 4. Nc3 Nbd7 5. Bg5 c6 6. e3 h6 7. Bf4 b6 8. Qc2 Bb7 9. cxd5 cxd5 10. Bd3 a6 11. 0-0 Rc8 12. Qe2 b5 13. h3 Bb4 14. Rfc1 0-0 15. a4 bxa4 16. Nxa4 a5 17. Bb5 Ne4 18. Qd3 Qe7 19. Qd1 Rxc1 20. Rxc1 Rc8 21. Rxc8+ Bxc8 22. Qc2 Qd8 23. Qc6 Ndf6 24. Bc7 Qf8 25. Ne5 Nd6 26. Nc5 Nxb5 27. Qxb5 Qe8 28. Qxe8+ Nxe8 29. Bb6 Nd6 30. Nc6 Kh7 31. Bxa5 Bxc5 32. dxc5 Nb5 33. Kf1 Ba6 34. Ke1 f6 35. f4 Kg6 36. g4 h5 37. Kf2 hxg4 38. hxg4 Kf7 39. Nd4 Nxd4 40. exd4 Bb5 41. Bc7 Kg6 42. Kg3 f5 43. Kh4 Be2 44. g5 Bb5 45. Be5 Be8 46. b4 Bb5 47. Kg3 Bc6 48. Kf2 Kf7 49. Ke3 g6 50. Kd3 Ke7 51. Kc3 Ba4 52. b5 Bxb5 53. Kb4 Bc6 54. Ka5 Kd7 55. Kb6 Ba4 56. Ka5 Bc6 57. Kb4 Ba8 58. Bf6 Bc6 59. Be5 Ba8 60. Ka5 Bc6 1/2-1/2

[Event "Titled Tuesday intern op 05th Sep Late"]
[Site "Chess.com INT"]
[Date "2023.09.05"]
[Round "6"]
[White "Bolourchifard, Farzad"]
[Black "Ferey, Antonin"]
[Result "1-0"]
[WhiteElo "2292"]
[BlackElo "2152"]
[PlyCount "91"]
[EventDate "2023.09.05"]
[EventType "swiss (blitz)"]
[EventRounds "11"]
[EventCountry "USA"]
[SourceTitle "EXT 2024"]
[Source "ChessBase"]
[SourceDate "2023.10.10"]
[SourceVersion "1"]
[SourceVersionDate "2023.10.10"]
[SourceQuality "1"]

1. d4 Nf6 2. Nf3 g6 3. Bf4 Bg7 4. e3 0-0 5. Be2 d5 6. h3 c5 7. c3 Nc6 8. 0-0 a5 9. a4 Qb6 10. Ra2 Rd8 11. Na3 Bf5 12. Nb5 Rac8 13. Ne5 Ne4 14. g4 Be6 15. Nd3 Rd7 16. f3 Nd6 17. Nxc5 Rdd8 18. Nxe6 fxe6 19. Nxd6 exd6 20. Bb5 e5 21. Bg3 Kh8 22. Kg2 Ne7 23. Qb3 Rf8 24. Raa1 Qc7 25. Rae1 Rf7 26. Bh4 Rcf8 27. Bxe7 Rxe7 28. Qxd5 Qb6 29. Re2 h6 30. Ref2 Ref7 31. f4 exd4 32. exd4 Qd8 33. Bd3 Rf6 34. f5 Qe7 35. Qe4 Qf7 36. Qe3 g5 37. Re2 d5 38. Qe7 Rb6 39. Qxf7 Rxf7 40. Re8+ Rf8 41. Rxf8+ Bxf8 42. Bb5 Kg7 43. Re1 Kf7 44. Re5 Rd6 45. Rxd5 Rxd5 46. Bc4 1-0

[Event "Titled Tuesday intern op 05th Sep Late"]
[Site "Chess.com INT"]
[Date "2023.09.05"]
[Round "4"]
[White "Ferey, Antonin"]
[Black "Guzman Moneo, Alberto"]
[Result "1-0"]
[WhiteElo "2152"]
[BlackElo "2170"]
[PlyCount "79"]
[EventDate "2023.09.05"]
[EventType "swiss (blitz)"]
[EventRounds "11"]
[EventCountry "USA"]
[SourceTitle "EXT 2024"]
[Source "ChessBase"]
[SourceDate "2023.10.10"]
[SourceVersion "1"]
[SourceVersionDate "2023.10.10"]
[SourceQuality "1"]

1. e4 e6 2. d3 d5 3. Nd2 Nf6 4. Ngf3 Bc5 5. g3 dxe4 6. Ng5 e3 7. fxe3 Bxe3 8. Nge4 0-0 9. Bg2 Bb6 10. Nc4 Nxe4 11. Nxb6 axb6 12. Bxe4 Nd7 13. 0-0 Nf6 14. Bg2 h6 15. Kh1 e5 16. h3 Be6 17. a3 Qd7 18. Kh2 Nd5 19. Qh5 f6 20. Bd2 Qf7 21. Qh4 Rad8 22. Rae1 Rd7 23. g4 Qe7 24. Be4 Rfd8 25. c4 Nf4 26. Bxf4 exf4 27. Bf5 Rd6 28. Rxf4 Qf7 29. Be4 g5 30. Qxh6 gxf4 31. Rf1 Qg7 32. Qxf4 c6 33. b4 Rd4 34. Qe3 Bf7 35. Bf5 Bg6 36. Qe6+ Kh8 37. Bxg6 Qxg6 38. Rxf6 Qxd3 39. Rh6+ Kg7 40. Qf6+ 1-0

[Event "Titled Tuesday intern op 29th Aug Late"]
[Site "Chess.com INT"]
[Date "2023.08.29"]
[Round "6"]
[White "Ferey, Antonin"]
[Black "Leiva Rodriguez, Jeammarco Giuseppe"]
[Result "1-0"]
[WhiteElo "2181"]
[BlackElo "2380"]
[PlyCount "67"]
[EventDate "2023.08.29"]
[EventType "swiss (blitz)"]
[EventRounds "11"]
[EventCountry "USA"]
[SourceTitle "EXT 2024"]
[Source "ChessBase"]
[SourceDate "2023.10.10"]
[SourceVersion "1"]
[SourceVersionDate "2023.10.10"]
[SourceQuality "1"]

1. Nf3 Nf6 2. g3 d5 3. Bg2 Nc6 4. 0-0 e5 5. c4 d4 6. d3 a5 7. e3 dxe3 8. Bxe3 Be7 9. Nc3 0-0 10. d4 Ng4 11. d5 Nb4 12. Bc1 Bd6 13. h3 Nf6 14. a3 Na6 15. Be3 Re8 16. Nd2 Bc5 17. Nde4 Bxe3 18. fxe3 Nxe4 19. Nxe4 f5 20. Nc3 Qg5 21. Qf3 Bd7 22. h4 Qe7 23. Rfd1 Nc5 24. b4 axb4 25. axb4 Rxa1 26. Rxa1 Nb3 27. d6 cxd6 28. Ra7 Be6 29. Nd5 Qd8 30. Qd1 b5 31. Qxb3 bxc4 32. Qxc4 Kh8 33. Qc7 Qxc7 34. Nxc7 1-0

[Event "Titled Tuesday intern op 29th Aug Late"]
[Site "Chess.com INT"]
[Date "2023.08.29"]
[Round "1"]
[White "Ferey, Antonin"]
[Black "Suleymanli, Aydin Elshan"]
[Result "0-1"]
[WhiteElo "2181"]
[BlackElo "2586"]
[PlyCount "80"]
[EventDate "2023.08.29"]
[EventType "swiss (blitz)"]
[EventRounds "11"]
[EventCountry "USA"]
[SourceTitle "EXT 2024"]
[Source "ChessBase"]
[SourceDate "2023.10.10"]
[SourceVersion "1"]
[SourceVersionDate "2023.10.10"]
[SourceQuality "1"]

1. d4 Nf6 2. c4 e6 3. Nf3 d5 4. Nc3 a6 5. cxd5 exd5 6. Bg5 Be6 7. e3 Nbd7 8. Bd3 Bd6 9. Qc2 h6 10. Bh4 0-0 11. 0-0 c5 12. dxc5 Nxc5 13. Rad1 Rc8 14. Qe2 g5 15. Bg3 Bxg3 16. hxg3 Bg4 17. Bb1 Re8 18. Rd4 Ne6 19. Rxg4 Nxg4 20. Rd1 Nf6 21. Qd3 Rc6 22. Qf5 Ng7 23. Qd3 Rd6 24. Nd4 b5 25. f3 Rd7 26. g4 Qb6 27. Nce2 Rde7 28. Nc2 h5 29. gxh5 Ngxh5 30. Ned4 Re5 31. Nf5 a5 32. Ncd4 b4 33. g4 Ng7 34. Nh6+ Kf8 35. Nhf5 Nxf5 36. Nxf5 Rxe3 37. Nxe3 Rxe3 38. Qd4 Re1+ 39. Kf2 Qxd4+ 40. Rxd4 Rxb1 0-1

[Event "Titled Tuesday intern op 22nd Aug Early"]
[Site "Chess.com INT"]
[Date "2023.08.22"]
[Round "2"]
[White "Ferey, Antonin"]
[Black "Davidson, Kevin"]
[Result "1-0"]
[WhiteElo "2181"]
[BlackElo "2154"]
[PlyCount "53"]
[EventDate "2023.08.22"]
[EventType "swiss (blitz)"]
[EventRounds "11"]
[EventCountry "USA"]
[SourceTitle "EXT 2024"]
[Source "ChessBase"]
[SourceDate "2023.10.10"]
[SourceVersion "1"]
[SourceVersionDate "2023.10.10"]
[SourceQuality "1"]

1. e4 c5 2. Nc3 a6 3. g3 b5 4. Bg2 Bb7 5. d3 e6 6. f4 Nf6 7. Nf3 b4 8. Ne2 d5 9. e5 Nfd7 10. 0-0 Nc6 11. g4 Be7 12. Ng3 a5 13. Kh1 a4 14. Re1 Qc7 15. f5 Ncxe5 16. Nxe5 Nxe5 17. Bf4 Bd6 18. fxe6 0-0 19. Nf5 fxe6 20. Nxd6 Rxf4 21. Nxb7 Nxg4 22. Qe2 Nf2+ 23. Kg1 Qxb7 24. Qxe6+ Kh8 25. Bxd5 Nh3+ 26. Kg2 Qb8 27. Qxh3 1-0

[Event "Titled Tuesday intern op 15th Aug Early"]
[Site "Chess.com INT"]
[Date "2023.08.15"]
[Round "7"]
[White "Ferey, Antonin"]
[Black "Jahnz, Fabian"]
[Result "1-0"]
[WhiteElo "2181"]
[BlackElo "2268"]
[PlyCount "45"]
[EventDate "2023.08.15"]
[EventType "swiss (blitz)"]
[EventRounds "11"]
[EventCountry "USA"]
[SourceTitle "EXT 2024"]
[Source "ChessBase"]
[SourceDate "2023.10.10"]
[SourceVersion "1"]
[SourceVersionDate "2023.10.10"]
[SourceQuality "1"]

1. e4 c6 2. c4 d5 3. cxd5 cxd5 4. exd5 Nf6 5. Nc3 Nbd7 6. Bc4 g6 7. d3 Bg7 8. Nf3 0-0 9. 0-0 Nb6 10. Qb3 h6 11. Re1 Bg4 12. Ne5 Bf5 13. h3 Rc8 14. a4 Nfd7 15. Nxd7 Nxd7 16. Qxb7 Nc5 17. Qxa7 Nxd3 18. Bxd3 Bxd3 19. Qxe7 Bxc3 20. bxc3 Qxd5 21. Bxh6 Rfe8 22. Qf6 Rxe1+ 23. Rxe1 1-0

[Event "Titled Tuesday intern op 15th Aug Early"]
[Site "Chess.com INT"]
[Date "2023.08.15"]
[Round "1"]
[White "Ferey, Antonin"]
[Black "Samarth, J Rao"]
[Result "0-1"]
[WhiteElo "2181"]
[BlackElo "1616"]
[PlyCount "72"]
[EventDate "2023.08.15"]
[EventType "swiss (blitz)"]
[EventRounds "11"]
[EventCountry "USA"]
[SourceTitle "EXT 2024"]
[Source "ChessBase"]
[SourceDate "2023.10.10"]
[SourceVersion "1"]
[SourceVersionDate "2023.10.10"]
[SourceQuality "1"]

1. Nf3 Nf6 2. g3 d5 3. Bg2 e6 4. 0-0 Be7 5. c4 0-0 6. b3 Nbd7 7. Bb2 c5 8. e3 b6 9. Nc3 Bb7 10. Qe2 dxc4 11. bxc4 Rc8 12. d3 Qc7 13. Ne1 Bxg2 14. Kxg2 Rfd8 15. f4 Qc6+ 16. Kg1 Nf8 17. g4 a6 18. g5 Ne8 19. Ne4 b5 20. cxb5 Qxb5 21. Rf3 c4 22. Bd4 cxd3 23. Nxd3 Nd6 24. Nf6+ Bxf6 25. gxf6 Nf5 26. fxg7 Ng6 27. a4 Qc4 28. Rc1 Nxd4 29. exd4 Qxd4+ 30. Rf2 Qxd3 31. Rxc8 Qb1+ 32. Rf1 Qb6+ 33. Kg2 Rxc8 34. f5 exf5 35. Qd3 Qb2+ 36. Rf2 Nf4+ 0-1

[Event "Titled Tuesday intern op 08th Aug Late"]
[Site "Chess.com INT"]
[Date "2023.08.08"]
[Round "1"]
[White "Ferey, Antonin"]
[Black "Ferrufino, Boris"]
[Result "1-0"]
[WhiteElo "2181"]
[BlackElo "1919"]
[PlyCount "63"]
[EventDate "2023.08.08"]
[EventType "swiss (blitz)"]
[EventRounds "11"]
[EventCountry "USA"]
[SourceTitle "EXT 2024"]
[Source "ChessBase"]
[SourceDate "2023.10.10"]
[SourceVersion "1"]
[SourceVersionDate "2023.10.10"]
[SourceQuality "1"]

1. Nf3 c5 2. g3 Nc6 3. Bg2 e5 4. 0-0 d5 5. c4 d4 6. e3 Be7 7. exd4 exd4 8. d3 Nf6 9. Bg5 0-0 10. a3 Bf5 11. Nh4 Be6 12. Nd2 h6 13. Bxf6 Bxf6 14. Nhf3 Bf5 15. Ne4 Re8 16. Nfd2 Ne5 17. Qc2 b6 18. b4 Rc8 19. bxc5 bxc5 20. Rab1 Qc7 21. Rb7 Qa5 22. Nxf6+ gxf6 23. Ne4 Kg7 24. Qb3 Rc7 25. Nd6 Bd7 26. Nxe8+ Bxe8 27. Rxc7 Qxc7 28. Be4 Bd7 29. Rb1 f5 30. Bd5 Bc6 31. Qb8 Qd7 32. Qxe5+ 1-0

[Event "Titled Tuesday intern op 08th Aug Late"]
[Site "Chess.com INT"]
[Date "2023.08.08"]
[Round "4"]
[White "Ferey, Antonin"]
[Black "Jimenez Martinez, Jose Vicente"]
[Result "0-1"]
[WhiteElo "2181"]
[BlackElo "2178"]
[PlyCount "40"]
[EventDate "2023.08.08"]
[EventType "swiss (blitz)"]
[EventRounds "11"]
[EventCountry "USA"]
[SourceTitle "EXT 2024"]
[Source "ChessBase"]
[SourceDate "2023.10.10"]
[SourceVersion "1"]
[SourceVersionDate "2023.10.10"]
[SourceQuality "1"]

1. d4 d6 2. Nf3 g6 3. c4 Bg7 4. Nc3 Nf6 5. e4 0-0 6. Be2 Bg4 7. 0-0 Nfd7 8. Be3 e5 9. d5 a5 10. Ne1 Bxe2 11. Qxe2 f5 12. f3 Na6 13. a3 Nac5 14. b4 Nb3 15. Rb1 Nd4 16. Qd2 axb4 17. axb4 Nb6 18. Qd3 Ra3 19. Nc2 Nxc2 20. Bxb6 Nd4 0-1

[Event "Titled Tuesday intern op 01st Aug Late"]
[Site "Chess.com INT"]
[Date "2023.08.01"]
[Round "7"]
[White "Ferey, Antonin"]
[Black "Balla, Tamas Kristof"]
[Result "1-0"]
[WhiteElo "2181"]
[BlackElo "2303"]
[PlyCount "59"]
[EventDate "2023.08.01"]
[EventType "swiss (blitz)"]
[EventRounds "11"]
[EventCountry "USA"]
[SourceTitle "EXT 2024"]
[Source "ChessBase"]
[SourceDate "2023.10.10"]
[SourceVersion "1"]
[SourceVersionDate "2023.10.10"]
[SourceQuality "1"]

1. Nf3 c5 2. g3 Nc6 3. Bg2 g6 4. 0-0 Bg7 5. c4 e6 6. Nc3 Nge7 7. e3 0-0 8. Qe2 d5 9. cxd5 exd5 10. d4 cxd4 11. exd4 Nf5 12. Bg5 f6 13. Bf4 Re8 14. Qd3 Be6 15. Rae1 Qd7 16. h4 Bf7 17. Rxe8+ Rxe8 18. Bh3 Be6 19. Bg2 Bf7 20. Rd1 Nd6 21. Nd2 Ne4 22. Ndxe4 dxe4 23. Nxe4 f5 24. Nc5 Qxd4 25. Qc2 Qb4 26. Nxb7 Nd4 27. Qc7 Ne2+ 28. Kh2 Nxf4 29. Nd6 Nxg2 30. Qxf7+ 1-0

[Event "Titled Tuesday intern op 11th Jul Early"]
[Site "Chess.com INT"]
[Date "2023.07.11"]
[Round "8"]
[White "Ahmad, Khagan"]
[Black "Ferey, Antonin"]
[Result "0-1"]
[WhiteElo "2340"]
[BlackElo "2181"]
[PlyCount "114"]
[EventDate "2023.07.11"]
[EventType "swiss (blitz)"]
[EventRounds "11"]
[EventCountry "USA"]
[SourceTitle "EXT 2024"]
[Source "ChessBase"]
[SourceDate "2023.10.10"]
[SourceVersion "1"]
[SourceVersionDate "2023.10.10"]
[SourceQuality "1"]

1. Nf3 g6 2. g3 Bg7 3. c4 e5 4. Nc3 f5 5. d3 d6 6. Bg2 h6 7. e4 Nc6 8. Nh4 Nge7 9. exf5 gxf5 10. Qh5+ Kf8 11. Nd5 Be6 12. Be3 Bf7 13. Qf3 Nxd5 14. cxd5 Ne7 15. 0-0 Bxd5 16. Qd1 Bxg2 17. Kxg2 f4 18. gxf4 exf4 19. Qf3 Bf6 20. Qxf4 Nd5 21. Ng6+ Kf7 22. Nxh8+ Qxh8 23. Qxh6 Qg8+ 24. Kh1 Qg4 25. f3 Qf5 26. Bg1 Rh8 27. Qd2 Nf4 28. Qf2 Be5 29. Rae1 Nxd3 30. Qc2 Qg6 31. Rd1 Nf4 32. Qxg6+ Kxg6 33. Rde1 Kf5 34. Rc1 c5 35. Rcd1 b5 36. Bf2 Ne6 37. Bg1 a5 38. Rfe1 c4 39. b3 c3 40. Rd5 Rb8 41. Rc1 a4 42. b4 Nf4 43. Rdd1 Rc8 44. a3 Rc4 45. Rc2 d5 46. Be3 d4 47. Bxf4 Kxf4 48. Rd3 Kf5 49. Kg2 Bf4 50. h4 Be3 51. Kh3 Kf4 52. h5 Rc8 53. Rg2 Rc6 54. Rg6 Rxg6 55. hxg6 c2 56. g7 c1Q 57. g8Q Qh1# 0-1

[Event "Titled Tuesday intern op 11th Jul Early"]
[Site "Chess.com INT"]
[Date "2023.07.11"]
[Round "2"]
[White "Ferey, Antonin"]
[Black "Todorovic, Bojan"]
[Result "1/2-1/2"]
[WhiteElo "2181"]
[BlackElo "2195"]
[PlyCount "123"]
[EventDate "2023.07.11"]
[EventType "swiss (blitz)"]
[EventRounds "11"]
[EventCountry "USA"]
[SourceTitle "EXT 2024"]
[Source "ChessBase"]
[SourceDate "2023.10.10"]
[SourceVersion "1"]
[SourceVersionDate "2023.10.10"]
[SourceQuality "1"]

1. Nf3 g6 2. g3 Bg7 3. Bg2 Nf6 4. d3 0-0 5. Nc3 d5 6. Bd2 c6 7. 0-0 Nbd7 8. e4 dxe4 9. dxe4 Nc5 10. Re1 Bg4 11. Bf4 Qxd1 12. Raxd1 Rfd8 13. h3 Bxf3 14. Bxf3 Nfd7 15. Be3 Bxc3 16. bxc3 Na4 17. c4 Ne5 18. Be2 Nc3 19. Rxd8+ Rxd8 20. Bxa7 Nxe2+ 21. Rxe2 Ra8 22. Bc5 Rxa2 23. Bxe7 Nxc4 24. Bf6 b5 25. f4 h5 26. g4 b4 27. Kf1 Ra1+ 28. Kg2 Rd1 29. gxh5 gxh5 30. Kf3 Rg1 31. Bd4 Rf1+ 32. Kg2 Rxf4 33. Bc5 f5 34. e5 Re4 35. Rxe4 fxe4 36. e6 Kg7 37. Kf2 Kf6 38. e7 Kf7 39. Bxb4 Nb6 40. Bc5 Nd5 41. c4 Nxe7 42. Ke3 Nf5+ 43. Kxe4 Ke6 44. Kf4 Nd6 45. Kg5 Nxc4 46. Kxh5 Ne5 47. Kg5 Nf3+ 48. Kf4 Nh4 49. Bf2 Ng6+ 50. Kg5 Kf7 51. Bd4 Ne7 52. h4 Nd5 53. h5 Kg8 54. Be5 Kh7 55. Bd4 Nc7 56. Kf5 Ne8 57. Be5 Ng7+ 58. Ke4 Nxh5 59. Kd4 Kg6 60. Kc5 Kf5 61. Bd6 Nf6 62. Kxc6 1/2-1/2

[Event "Titled Tuesday intern op 11th Jul Late"]
[Site "Chess.com INT"]
[Date "2023.07.11"]
[Round "4"]
[White "Kollars, Dmitrij"]
[Black "Ferey, Antonin"]
[Result "1-0"]
[WhiteElo "2618"]
[BlackElo "2181"]
[PlyCount "107"]
[EventDate "2023.07.11"]
[EventType "swiss (blitz)"]
[EventRounds "11"]
[EventCountry "USA"]
[SourceTitle "EXT 2024"]
[Source "ChessBase"]
[SourceDate "2023.10.10"]
[SourceVersion "1"]
[SourceVersionDate "2023.10.10"]
[SourceQuality "1"]

1. e4 e5 2. Nf3 Nc6 3. g3 Nf6 4. Nc3 g6 5. Bg2 Bg7 6. 0-0 0-0 7. d3 d6 8. h3 h6 9. Be3 Be6 10. Qd2 Kh7 11. d4 exd4 12. Nxd4 Bd7 13. Rad1 Ne5 14. b3 Re8 15. f4 Nc6 16. Rfe1 Qc8 17. Kh2 Nxd4 18. Bxd4 Bc6 19. Re3 Re7 20. Rde1 Qh8 21. e5 dxe5 22. Bxe5 Bxg2 23. Qxg2 Rae8 24. Qxb7 Nh5 25. Bxg7 Rxe3 26. Bxh8 Rxe1 27. Bd4 Rc1 28. Qg2 Ree1 29. Bf2 Re7 30. Bd4 Ree1 31. Ne4 f5 32. Nf6+ Nxf6 33. Bxf6 Kg8 34. Bc3 Red1 35. g4 Kf7 36. gxf5 gxf5 37. Qg7+ Ke8 38. Qe5+ Kd8 39. Qf6+ Ke8 40. Qe6+ Kf8 41. Qxf5+ Ke8 42. Qe6+ Kf8 43. Qxh6+ Kf7 44. Qf6+ Ke8 45. Qe6+ Kf8 46. Bd4 Rxc2+ 47. Kg3 Rd3+ 48. Kh4 Rcd2 49. Be5 Rd7 50. Kg5 R2d5 51. h4 Rg7+ 52. Kh6 Re7 53. Qxd5 Rh7+ 54. Kxh7 1-0

[Event "Titled Tuesday intern op 11th Jul Late"]
[Site "Chess.com INT"]
[Date "2023.07.11"]
[Round "11"]
[White "Krzyzanowski, Marcin"]
[Black "Ferey, Antonin"]
[Result "1-0"]
[WhiteElo "2512"]
[BlackElo "2181"]
[PlyCount "75"]
[EventDate "2023.07.11"]
[EventType "swiss (blitz)"]
[EventRounds "11"]
[EventCountry "USA"]
[SourceTitle "EXT 2024"]
[Source "ChessBase"]
[SourceDate "2023.10.10"]
[SourceVersion "1"]
[SourceVersionDate "2023.10.10"]
[SourceQuality "1"]

1. e4 e5 2. Nf3 Nc6 3. Nc3 Nf6 4. h3 g6 5. d4 exd4 6. Nxd4 Bg7 7. Nxc6 bxc6 8. Bd3 0-0 9. 0-0 d6 10. Bd2 Re8 11. Re1 Bd7 12. Bf1 Rb8 13. Rb1 c5 14. Bc4 Bc6 15. Qf3 Rb4 16. b3 Qa8 17. Bg5 Rxc4 18. bxc4 Nxe4 19. Nxe4 Bxe4 20. Qg3 h6 21. Bd2 Bxc2 22. Rbc1 Bf5 23. Bc3 Rxe1+ 24. Rxe1 Be6 25. Bxg7 Kxg7 26. Qc3+ Kg8 27. Rb1 Kh7 28. Rb3 g5 29. Qc2+ Kg7 30. Qb2+ Kg6 31. Rb8 Qe4 32. Rg8+ Kh5 33. Qf6 Qe1+ 34. Kh2 Qe5+ 35. Qxe5 dxe5 36. g4+ Kh4 37. Rh8 Bxg4 38. hxg4 1-0